00582 a2200181 4500003000400000005001700004008004100021020001800062040000900080082001900089100002300108245003000131260005000161300001400211942004400225952011400269999001700383OSt20250610140441.0250528b |||||||| |||| 00| 0 eng d a9788185986074 coclc a823.914bNAR/G aNarayan, R K94797 aThe Guide /cR.K. Narayan aChennai:bIndian Thought Publications,c2007. a256 pages 2ddccBKh823.914iNAR/Gk823.914mNAR/G 00102ddc40708FICaMESbMEScENGd2025-06-10l0o823.914 NAR/Gp46000r2025-06-10 14:04:30w2025-06-10yBK c44572d44572